000 00323nam a2200133Ia 4500
008 240624s9999 xx 000 0 und d
041 _aeng
082 _a920 DEV
100 _aDEV KAPIL
245 _aSTRAIGHT FROM THE HEART
260 _c2004
_aNew Delhi
_bMacmillan India
300 _axxiii, : 374 : cm ; 24
365 _cRS
999 _c2257
_d2257